An Airman Remembers\ (Record no. 588737)

000 -LEADER
fixed length control field 00435nam a22001697a 4500
003 - CONTROL NUMBER IDENTIFIER
control field NUST
005 - DATE AND TIME OF LATEST TRANSACTION
control field 20220311144050.0
008 - FIXED-LENGTH DATA ELEMENTS--GENERAL INFORMATION
fixed length control field 220311b ||||| |||| 00| 0 eng d
038 ## - RECORD CONTENT LICENSOR
Staff Name Muzammil SMME
082 ## - DEWEY DECIMAL CLASSIFICATION NUMBER
Classification number 629.13092
Author Mark ZAF
100 ## - MAIN ENTRY--PERSONAL NAME
Personal name Chaudhry,A. Zafar.
9 (RLIN) 90582
245 ## - TITLE STATEMENT
Title An Airman Remembers\
Statement of responsibility, etc. Zafar A. Chaudhry.
260 ## - PUBLICATION, DISTRIBUTION, ETC.
Place of publication, distribution, etc. Lahore
Name of publisher, distributor, etc. Feroz sons
Date of publication, distribution, etc. 1993
300 ## - PHYSICAL DESCRIPTION
Extent viii,123p.;
563 ## - BINDING INFORMATION
Binding note hardcover
942 ## - ADDED ENTRY ELEMENTS (KOHA)
Source of classification or shelving scheme
Koha item type Book
Holdings
Withdrawn status Lost status Source of classification or shelving scheme Damaged status Not for loan Permanent Location Current Location Shelving location Date acquired Total Checkouts Full call number Barcode Date last seen Date last checked out Price effective from Koha item type
          School of Mechanical & Manufacturing Engineering (SMME) School of Mechanical & Manufacturing Engineering (SMME) General Stacks 03/11/2022 2 629.13092 ZAF SMME-3685 09/12/2025 09/10/2025 03/11/2022 Book
© 2023 Central Library, National University of Sciences and Technology. All Rights Reserved.